00772nam a2200241 a 450000100060000000300090000600500170001500800410003202000210007302000210009403500180011504000280013304100080016108200290016910000210019824500630021926000440028230000380032650400630036465100380042765100380046583000270050345203BD-RJUL 20211209053958.0160724s1969 enk b 001 0 eng  z043301347 (hbk.) a043301355 (pbk.) aBD-RJUL 45321 aDLCcDLCdm.cdOCLbeng aeng 223 a330.954 bMAE 1969 1 aMaddison, Angus.10aEconomic growth in Japan and the USSR / c Angus Maddison  aLondon :bGeorge Allen & Unwin,cc1969. axxviii, 174 p. :bill. ; c23 cm. aIncludes bibliographical references (p.137-141) and index. 0aJapanxEconomic conditionsy1868- 0aSoviet UnionxEconomic conditions 0aUnwin university books